|
|
|
|
| LEADER |
00000nam a2200000 a 4500 |
| 001 |
UCQ4404 |
| 003 |
CL-VaPUC |
| 008 |
980904e19690000SP |||||||||||||||||spa|d |
| 082 |
0 |
4 |
|a 813
|b FAU
|2 21
|
| 100 |
0 |
|
|a Faulkner, William
|e author
|9 313148
|
| 245 |
1 |
0 |
|a Absalón, absalón!
|
| 300 |
|
|
|a 373 p
|
| 942 |
|
|
|c BK
|
| 945 |
|
|
|d 19980904 00:00:00
|a crobeson
|
| 260 |
|
|
|a Barcelona
|b Planeta
|c 1969
|
| 650 |
|
0 |
|a Novelas estadounidenses
|9 265217
|
| 650 |
|
0 |
|a Literatura estadounidense
|9 317168
|
| 583 |
|
|
|a last modification
|c 19980904 00:00:00
|k Rodrigo Vera
|
| 999 |
|
|
|c 274783
|d 274781
|
| 952 |
|
|
|0 0
|1 0
|4 0
|6 813_000000000000000_FAU_1969
|7 0
|8 A
|9 311090
|a BIBEDU
|b BIBEDU
|d 2019-11-20
|i 1463799
|o 813 FAU 1969
|p 1463799
|r 2019-11-20
|w 2019-11-20
|y BK
|k LIT
|